000 00457nam a2200193Ia 4500
005 20240823015221.0
008 240823s9999||||xx |||||||||||||| ||und||
020 _a81-7722-356-9
041 _aENGLISH
082 _A004 P5
100 _aVikas Gupta
245 0 _aComputer Knowledge Bank Vol 3
250 _a1st
260 _c2005
_bDreamtech New
500 _aTRANSFERED
650 _aWord
_bComputer Applications
942 _cBK
999 _c171906
_d171906